00589nam a2200169 i 450000100060000000300090000600500170001500700030003200800410003510000300007624500730010626000520017930000300023185200210026199900170028295201200029978304ES-MaACL20230906173641.0t|041013s1934 xxk ||||1| eng d1 aHaskell, Arnold L.96203410aBalletomania b: the story of an obsession / cby Arnold L. Haskell. aLondon : b[s.n., c1934] (fThe Camelot Press) a350 p. : bil. ; c24 cm. aES-MaACLjA-3645 c78304d78304 00104070aATENEOMbATENEOMcSPP1d2008-01-17eSCl0oA-3645p1081909r2023-02-23 00:00:00w2023-02-23yMONOGRAFIA